Most Populous Cities in the U.S. - 1850 Census - Statistics

General Stats
  • This quiz has been taken 18 times
    15 since last reset
  • The average score is 56 of 100
Answer Stats
Answer State Population % Correct
Albany NY 50,763
90%
Boston MA 136,881
90%
Buffalo NY 42,261
90%
Columbus OH 17,882
90%
New Orleans LA 116,375
90%
New York City NY 515,547
90%
Philadelphia PA 121,376
90%
Washington DC 40,001
90%
Baltimore MD 169,054
80%
Cambridge MA 15,215
80%
Charleston SC 42,985
80%
Cincinnati OH 115,435
80%
Cleveland OH 17,034
80%
Hartford CT 13,555
80%
Manchester NH 13,932
80%
Norfolk VA 14,326
80%
Pittsburgh PA 46,601
80%
Richmond VA 27,570
80%
Rochester NY 36,403
80%
Springfield MA 11,766
80%
St. Louis MO 77,860
80%
Syracuse NY 22,271
80%
Troy NY 28,785
80%
Worcester MA 17,049
80%
Alexandria VA 8,734
70%
Detroit MI 21,019
70%
Lancaster PA 12,369
70%
Lexington KY 8,159
70%
Louisville KY 43,194
70%
Lynn MA 14,257
70%
Milwaukee WI 20,061
70%
Newark NJ 38,894
70%
New Haven CT 20,345
70%
Newport RI 9,563
70%
Northern Liberties PA 47,223
70%
Portland ME 20,815
70%
Portsmouth NH 9,738
70%
Portsmouth VA 8,626
70%
Providence RI 41,513
70%
Savannah GA 15,312
70%
Wilmington DE 13,979
70%
Wilmington NC 7,264
70%
Allegheny PA 21,262
60%
Bangor ME 14,432
60%
Brooklyn NY 96,838
60%
Camden NJ 9,479
60%
Charlestown MA 17,216
60%
Chicago IL 29,963
60%
Dayton OH 10,977
60%
Harrisburg PA 7,834
60%
Indianapolis IN 8,091
60%
Lowell MA 33,383
60%
Memphis TN 8,841
60%
Nashville TN 10,165
60%
New Bedford MA 16,443
60%
New London CT 8,991
60%
Paterson NJ 11,334
60%
Schenectady NY 8,921
60%
Southwark PA 38,799
60%
Utica NY 17,565
60%
Augusta GA 9,448
50%
Augusta ME 8,225
50%
Concord NH 8,576
50%
Fall River MA 11,524
50%
Kensington PA 46,774
50%
Mobile AL 20,515
50%
Petersburg VA 14,010
50%
Poughkeepsie NY 11,511
50%
Reading PA 15,743
50%
Salem MA 20,264
50%
Spring Garden PA 58,894
50%
Taunton MA 10,441
50%
Covington KY 9,408
40%
Georgetown DC 8,366
40%
Lawrence MA 8,282
40%
Moyamensing PA 26,979
40%
Nantucket MA 8,452
40%
New Brunswick NJ 10,019
40%
Auburn NY 9,548
30%
Chicopee MA 8,291
30%
Dover NH 8,196
30%
Gloucester MA 7,786
30%
Lynchburg VA 8,071
30%
Madison IN 8,012
30%
Newburyport MA 9,572
30%
Warwick RI 7,740
30%
Wheeling VA 11,435
30%
Williamsburgh NY 30,780
30%
Bath ME 8,020
20%
New Albany IN 8,181
20%
Norwich CT 10,265
20%
Oswego NY 12,205
20%
Lafayette (old) LA 14,190
10%
North Providence RI 7,680
10%
Roxbury MA 18,364
10%
Watervliet NY 7,564
10%
Danvers MA 8,109
0%
Dorchester MA 7,969
0%
Pottsville PA 7,515
0%
Zanesville OH 7,929
0%
No matching quizzes found
Score Distribution
Percent of People with Each Score
Percentile by Number Answered
Your Score History
You have not taken this quiz since the last reset